Ministering through the internet an essential guide

Gardado en:
Detalles Bibliográficos
Autor Principal: AFOLARANMI, Adebayo Ola
Formato: Libro
Idioma:inglés
Publicado: Charisa Books 2009
Tags: Engadir etiqueta
Sen Etiquetas, Sexa o primeiro en etiquetar este rexistro!

MARC

LEADER 00000nam a22000007a 4500
008 201221b ||||| |||| 00| 0 eng d
020 |a 978-978-48954-4-2 
100 |a AFOLARANMI, Adebayo Ola. 
245 |a Ministering through the internet  |b an essential guide  |c Adebayo Ola Afolaranmi  |g xx, 138p. 
260 |b Charisa Books  |c 2009  |h Ibadan  |i 667610  |i 668873  |l BV4207 .Af6  |m Bible, OT/NT – Gospel, ministry, salvation.  |m Postmodernity – Christianity, Guide. 
500 |a It includes bibliographical references 
942 |a lcc  |c BK  |e Kuteyi, M. A.  |f 21/12/2020 
952 |0 0  |1 0  |2 lcc  |4 0  |6 BV4207 A F6  |7 0  |9 1085  |a HOL  |b HOL  |c AF  |d 2020-12-21  |l 0  |o BV4207 .Af6   |p 2020-230300  |r 2020-12-21 00:00:00  |w 2020-12-21  |y BK 
952 |0 0  |1 0  |2 lcc  |4 0  |6 BV4207 A F6  |7 0  |9 1086  |a HOL  |b HOL  |c AF  |d 2020-12-21  |l 0  |o BV4207 .Af6   |p 2020-230301  |r 2020-12-21 00:00:00  |w 2020-12-21  |y BK 
999 |c 560  |d 560